[Event "Paracin Amateur op"]
[Site "Paracin"]
[Date "2020.02.01"]
[Round "2"]
[White "Milutinovic, Bojan"]
[Black "Radisavljevic, Dalibor"]
[Result "0-1"]
[WhiteElo "1809"]
[BlackElo "2162"]
[PlyCount "48"]
[EventDate "2020.01.31"]
[EventType "swiss"]
[EventRounds "9"]
[EventCountry "SRB"]
[SourceTitle "CBM 194 Extra"]
[Source "ChessBase"]
[SourceDate "2020.03.31"]
[SourceVersion "1"]
[SourceVersionDate "2020.03.31"]
[SourceQuality "1"]

1. e4 c5 2. Nf3 d6 3. d4 cxd4 4. Nxd4 Nf6 5. Nc3 g6 6. Be3 Bg7 7. f3 0-0 8. Qd2 Nc6 9. Bc4 Bd7 10. 0-0-0 Qa5 11. Bb3 Ne5 12. Kb1 Rfc8 13. h4 b5 14. h5 Nc4 15. Bxc4 bxc4 16. hxg6 fxg6 17. Bh6 Bh8 18. g4 Rab8 19. Ka1 Qb4 20. Rb1 Rb6 21. Nf5 gxf5 22. Qg5+ Kf7 23. Nd5 Qa5 24. Nxb6 Qxa2+ 0-1

[Event "Paracin Winter op"]
[Site "Paracin"]
[Date "2019.02.02"]
[Round "4"]
[White "Radisavljevic, Dalibor"]
[Black "Milutinovic, Bojan"]
[Result "1/2-1/2"]
[WhiteElo "2073"]
[BlackElo "1853"]
[PlyCount "68"]
[EventDate "2019.01.31"]
[EventType "swiss"]
[EventRounds "9"]
[EventCountry "SRB"]
[SourceTitle "CBM 188 Extra"]
[Source "ChessBase"]
[SourceDate "2019.02.26"]
[SourceVersion "1"]
[SourceVersionDate "2019.02.26"]
[SourceQuality "1"]

1. Nf3 Nf6 2. g3 g6 3. Bg2 Bg7 4. 0-0 0-0 5. c4 d6 6. d4 c5 7. Nc3 Nc6 8. h3 Bd7 9. dxc5 dxc5 10. e4 e5 11. Be3 b6 12. Qd3 Qc8 13. Kh2 Re8 14. Rad1 Nd4 15. Nh4 Rb8 16. b3 a6 17. Ne2 b5 18. Rb1 Bc6 19. Nc3 Qd8 20. Bxd4 cxd4 21. Nd5 Nxd5 22. cxd5 Bd7 23. Nf3 Qa5 24. Qd2 Qxd2 25. Nxd2 Rbc8 26. Rb2 Rc7 27. b4 Rec8 28. Rfb1 Rc2 29. Bf1 f5 30. Bd3 R2c3 31. Rb3 Rxb3 32. Rxb3 Bh6 33. Nf3 Bg7 34. Nd2 Bh6 1/2-1/2

[Event "Paracin Summer op-B 11th"]
[Site "Paracin"]
[Date "2018.07.07"]
[Round "2"]
[White "Janjic, Jovo"]
[Black "Milutinovic, Bojan"]
[Result "1/2-1/2"]
[WhiteElo "1974"]
[BlackElo "1809"]
[PlyCount "48"]
[EventDate "2018.07.06"]
[EventType "swiss"]
[EventRounds "9"]
[EventCountry "SRB"]
[SourceTitle "EXT 2019"]
[Source "ChessBase"]
[SourceDate "2018.10.10"]
[SourceVersion "1"]
[SourceVersionDate "2018.10.10"]
[SourceQuality "1"]

1. e4 c5 2. Nf3 d6 3. Nc3 Nf6 4. d4 cxd4 5. Nxd4 g6 6. h3 Bg7 7. Be3 0-0 8. Be2 Nc6 9. 0-0 d5 10. exd5 Nxd5 11. Nxd5 Qxd5 12. Bf3 Qa5 13. Nxc6 bxc6 14. c3 Rd8 15. Qc1 Qc7 16. Re1 e5 17. Bc5 Be6 18. Qe3 Rab8 19. b4 Rd7 20. Rad1 Rbd8 21. Rxd7 Rxd7 22. a4 Bd5 23. Rd1 f5 24. Be2 f4 1/2-1/2

[Event "Paracin Winter op"]
[Site "Paracin"]
[Date "2018.02.01"]
[Round "3"]
[White "Milutinovic, Bojan"]
[Black "Grozdanovic, Anastasia"]
[Result "1/2-1/2"]
[WhiteElo "1827"]
[BlackElo "1434"]
[PlyCount "47"]
[EventDate "2018.01.30"]
[EventType "swiss"]
[EventRounds "9"]
[EventCountry "SRB"]
[SourceTitle "CBM 182 Extra"]
[Source "ChessBase"]
[SourceDate "2018.02.23"]
[SourceVersion "1"]
[SourceVersionDate "2018.02.23"]
[SourceQuality "1"]

1. e4 c6 2. d4 d5 3. Nc3 dxe4 4. Nxe4 Bf5 5. Ng3 Bg6 6. h4 h6 7. h5 Bh7 8. Nf3 e6 9. Bd3 Bxd3 10. Qxd3 Nf6 11. Bd2 Bd6 12. Ne4 Nxe4 13. Qxe4 Qc7 14. Qg4 Rh7 15. Qe4 Rh8 16. 0-0-0 Nd7 17. g3 0-0-0 18. c4 Nf6 19. Qe2 c5 20. Bc3 cxd4 21. Nxd4 Bc5 22. Nb3 Be7 23. Ba5 b6 24. Bc3 1/2-1/2

[Event "SRB-chT3 East"]
[Site "Serbia"]
[Date "2017.10.14"]
[Round "10.4"]
[White "Laban, Dragan"]
[Black "Milutinovic, Bojan"]
[Result "1/2-1/2"]
[WhiteElo "1608"]
[BlackElo "1798"]
[PlyCount "64"]
[EventDate "2017.09.03"]
[EventType "team-tourn"]
[EventRounds "11"]
[EventCountry "SRB"]
[SourceTitle "EXT 2022"]
[Source "ChessBase"]
[SourceDate "2021.10.06"]
[SourceVersion "1"]
[SourceVersionDate "2021.10.06"]
[SourceQuality "1"]

1. d4 d5 2. Bf4 Nf6 3. e3 Bf5 4. Bd3 Bxd3 5. Qxd3 c6 6. Nf3 e6 7. Nbd2 Be7 8. c3 0-0 9. h4 Nbd7 10. Qe2 c5 11. Ne5 cxd4 12. exd4 Nxe5 13. dxe5 Nd7 14. Nf3 Rc8 15. Ng5 Rc4 16. Qh5 h6 17. g3 Nc5 18. Rd1 Qb6 19. Bc1 Ne4 20. Nxe4 Rxe4+ 21. Kf1 Qa6+ 22. Kg2 Qxa2 23. Rd3 Qc4 24. Rhd1 Qc6 25. Rf3 Qc4 26. Rf4 Qe2 27. Qxe2 Rxe2 28. Be3 Rxb2 29. Bxa7 b6 30. c4 dxc4 31. Rxc4 Bc5 32. Rxc5 bxc5 1/2-1/2

[Event "SRB-chT3 East"]
[Site "Serbia"]
[Date "2017.10.13"]
[Round "8.1"]
[White "Milutinovic, Bojan"]
[Black "Licic, Nenad"]
[Result "1-0"]
[WhiteElo "1798"]
[BlackElo "1723"]
[PlyCount "39"]
[EventDate "2017.09.03"]
[EventType "team-tourn"]
[EventRounds "11"]
[EventCountry "SRB"]
[SourceTitle "EXT 2022"]
[Source "ChessBase"]
[SourceDate "2021.10.06"]
[SourceVersion "1"]
[SourceVersionDate "2021.10.06"]
[SourceQuality "1"]

1. e4 c5 2. Nf3 d6 3. d4 cxd4 4. Nxd4 Nf6 5. Nc3 a6 6. Bg5 e6 7. f4 Be7 8. Qf3 h6 9. Bh4 Nbd7 10. 0-0-0 Rb8 11. g4 e5 12. Nf5 Rg8 13. Nxd6+ Bxd6 14. Rxd6 exf4 15. Bxf6 gxf6 16. Qxf4 Qa5 17. Rxd7 Kxd7 18. Qxb8 Rxg4 19. Bh3 Ke7 20. Nd5+ 1-0

[Event "SRB-chT2 East CS"]
[Site "Kragujevac"]
[Date "2016.10.09"]
[Round "11.3"]
[White "Milutinovic, Bojan"]
[Black "Veselinov, Ivica"]
[Result "0-1"]
[WhiteElo "1779"]
[BlackElo "1940"]
[PlyCount "90"]
[EventDate "2016.08.26"]
[EventType "team-tourn"]
[EventRounds "11"]
[EventCountry "SRB"]
[SourceTitle "EXT 2021"]
[Source "ChessBase"]
[SourceDate "2020.10.23"]
[SourceVersion "1"]
[SourceVersionDate "2020.10.23"]
[SourceQuality "1"]

1. e4 d5 2. exd5 Qxd5 3. Nc3 Qa5 4. d4 c6 5. Nf3 Bf5 6. Bc4 Nf6 7. Bd2 Qc7 8. 0-0 e6 9. Re1 Nbd7 10. d5 Nb6 11. dxe6 Nxc4 12. exf7+ Kxf7 13. Ng5+ Kg8 14. Qe2 Nxd2 15. Rad1 h6 16. Ne6 Bxe6 17. Qxe6+ Qf7 18. Rxd2 Qxe6 19. Rxe6 Bb4 20. Rde2 Bxc3 21. bxc3 Kh7 22. Kf1 Rhe8 23. Re7 Rab8 24. c4 Kg8 25. c3 Kf8 26. Rc7 Rxe2 27. Kxe2 Re8+ 28. Kd3 Re7 29. Rc8+ Kf7 30. Ra8 a6 31. Rb8 Nd7 32. Rd8 Nc5+ 33. Kd2 Rd7+ 34. Rxd7+ Nxd7 35. Ke3 Ke6 36. f4 c5 37. g4 h5 38. h3 hxg4 39. hxg4 Nb6 40. Kd3 Na4 41. a3 Nb2+ 42. Ke3 Nd1+ 43. Kd2 Nf2 44. g5 Kf5 45. Ke3 Nh3 0-1

[Event "SRB-chT2 East CS play out"]
[Site "Kragujevac"]
[Date "2016.10.09"]
[Round "1.1"]
[White "Radisavljevic, Dalibor"]
[Black "Milutinovic, Bojan"]
[Result "1-0"]
[WhiteElo "1685"]
[BlackElo "1779"]
[PlyCount "71"]
[EventDate "2016.10.09"]
[EventType "team-match"]
[EventRounds "1"]
[EventCountry "SRB"]
[SourceTitle "EXT 2021"]
[Source "ChessBase"]
[SourceDate "2020.10.23"]
[SourceVersion "1"]
[SourceVersionDate "2020.10.23"]
[SourceQuality "1"]

1. e4 c5 2. Nf3 d6 3. d4 cxd4 4. Nxd4 Nf6 5. Nc3 g6 6. Be2 Bg7 7. 0-0 0-0 8. Kh1 Nc6 9. Nb3 a5 10. a4 Be6 11. f4 Qc8 12. Be3 Bg4 13. Bg1 Bxe2 14. Qxe2 Qg4 15. Qb5 Nh5 16. Be3 Rfb8 17. Rab1 Qh4 18. Kg1 e5 19. f5 Nd4 20. Qd3 Nxb3 21. cxb3 Rd8 22. Nd5 Rac8 23. Bb6 Rd7 24. Be3 Qd8 25. Nb6 Nf4 26. Qd2 d5 27. Nxd7 Qxd7 28. Bxf4 exf4 29. fxg6 hxg6 30. Qxd5 Qc7 31. Qd3 Be5 32. Rf3 g5 33. h3 Bxb2 34. Rd1 Kg7 35. Qb5 Qc2 36. Qxg5+ 1-0

[Event "SRB-chT2 East CS"]
[Site "Kragujevac"]
[Date "2016.08.26"]
[Round "1.36"]
[White "Simonovic, Milomir D"]
[Black "Milutinovic, Bojan"]
[Result "0-1"]
[WhiteElo "1931"]
[BlackElo "1779"]
[PlyCount "60"]
[EventDate "2016.08.26"]
[EventType "team-tourn"]
[EventRounds "11"]
[EventCountry "SRB"]
[SourceTitle "EXT 2021"]
[Source "ChessBase"]
[SourceDate "2020.10.23"]
[SourceVersion "1"]
[SourceVersionDate "2020.10.23"]
[SourceQuality "1"]

1. e4 c5 2. Nf3 d6 3. d4 cxd4 4. Nxd4 Nf6 5. Nc3 g6 6. f3 Bg7 7. Be3 0-0 8. g4 Nc6 9. Qd2 Nxd4 10. Bxd4 Be6 11. h4 Qa5 12. Be3 Rfc8 13. Bh6 Bxh6 14. Qxh6 Rxc3 15. bxc3 Qxc3+ 16. Kf2 Qxa1 17. h5 Bxg4 18. hxg6 Qd4+ 19. Kg3 fxg6 20. Bd3 Bh5 21. Qg5 Qe5+ 22. Qxe5 dxe5 23. Bc4+ Kg7 24. Rb1 b6 25. Rb5 Rc8 26. Bd3 Rc5 27. Rb4 g5 28. a4 Bf7 29. Rb1 h6 30. Kf2 Nh5 0-1

[Event "Paracin"]
[Site "Paracin"]
[Date "2015.12.06"]
[Round "9"]
[White "Milutinovic, Bojan"]
[Black "Rajkovic, Zoran"]
[Result "0-1"]
[WhiteElo "1750"]
[BlackElo "1852"]
[PlyCount "98"]
[EventDate "2015.11.29"]
[EventType "tourn"]
[EventRounds "9"]
[EventCountry "SRB"]
[SourceTitle "CBM 170 Extra"]
[Source "ChessBase"]
[SourceDate "2016.02.25"]
[SourceVersion "1"]
[SourceVersionDate "2016.02.25"]
[SourceQuality "1"]

1. e4 b6 2. d4 Bb7 3. Bd3 e6 4. Nf3 Nf6 5. Qe2 d5 6. e5 Nfd7 7. 0-0 c5 8. c3 Nc6 9. dxc5 bxc5 10. a3 g6 11. c4 d4 12. Nbd2 Bg7 13. Ne4 0-0 14. Bg5 Qc7 15. Nf6+ Kh8 16. Rfe1 Ncxe5 17. Nxe5 Nxf6 18. b4 Nd7 19. Bf4 Nxe5 20. Bxe5 Qc6 21. f3 Bxe5 22. Qxe5+ Kg8 23. h4 Rae8 24. bxc5 f6 25. Qd6 e5 26. Be4 Qxd6 27. cxd6 Bxe4 28. fxe4 Rc8 29. Rec1 Rc5 30. Rab1 Rd8 31. Rb7 a5 32. Rb5 Rc6 33. Rxa5 Rcxd6 34. Rd5 Kf7 35. Rb1 d3 36. Kf1 f5 37. exf5 gxf5 38. Rb7+ Ke6 39. Rxh7 Rxd5 40. cxd5+ Kxd5 41. Ke1 e4 42. Rh5 Ra8 43. g4 Rxa3 44. Rxf5+ Kd4 45. h5 Ra2 46. h6 Ra1+ 47. Kf2 Rh1 48. g5 e3+ 49. Kg2 e2 0-1

[Event "Paracin"]
[Site "Paracin"]
[Date "2015.12.01"]
[Round "4"]
[White "Mijajlovic, Milutin"]
[Black "Milutinovic, Bojan"]
[Result "1-0"]
[WhiteElo "1839"]
[BlackElo "1750"]
[PlyCount "83"]
[EventDate "2015.11.29"]
[EventType "tourn"]
[EventRounds "9"]
[EventCountry "SRB"]
[SourceTitle "CBM 170 Extra"]
[Source "ChessBase"]
[SourceDate "2016.02.25"]
[SourceVersion "1"]
[SourceVersionDate "2016.02.25"]
[SourceQuality "1"]

1. e4 c5 2. Nc3 Nc6 3. Nf3 g6 4. Bc4 Bg7 5. 0-0 e6 6. a3 Nge7 7. Re1 d6 8. Rb1 0-0 9. Ba2 d5 10. exd5 exd5 11. h3 Bf5 12. d3 a6 13. Bg5 Qd7 14. Ne2 b5 15. Ng3 Be6 16. Qd2 Nf5 17. Nxf5 Bxf5 18. Bh6 c4 19. Rbd1 cxd3 20. cxd3 Rfe8 21. Bxg7 Kxg7 22. Rc1 d4 23. Rc5 Rxe1+ 24. Nxe1 Re8 25. Nf3 Qd6 26. b4 Ne5 27. Nxe5 Rxe5 28. g4 Be6 29. Rxe5 Qxe5 30. Bxe6 fxe6 31. Qb2 Qe1+ 32. Kg2 Qc3 33. Qe2 Qxa3 34. Qe5+ Kf7 35. Qxd4 Qa2 36. Qf4+ Kg8 37. Qe4 Qd5 38. Kg3 Kf7 39. Kf3 Qxe4+ 40. Kxe4 Ke7 41. Ke5 Kf7 42. d4 1-0

[Event "SRB-chT3 East"]
[Site "Serbia"]
[Date "2015.10.16"]
[Round "8.68"]
[White "Zivkovic, Nikola S"]
[Black "Milutinovic, Bojan"]
[Result "1/2-1/2"]
[WhiteElo "1639"]
[BlackElo "1750"]
[PlyCount "86"]
[EventDate "2015.09.06"]
[EventType "team-tourn"]
[EventRounds "11"]
[EventCountry "SRB"]
[SourceTitle "EXT 2022"]
[Source "ChessBase"]
[SourceDate "2021.10.06"]
[SourceVersion "1"]
[SourceVersionDate "2021.10.06"]
[SourceQuality "1"]

1. c4 e6 2. Nc3 d5 3. d4 Nf6 4. g3 c6 5. Bg2 Nbd7 6. cxd5 exd5 7. Bf4 Be7 8. Nf3 0-0 9. 0-0 Re8 10. Rc1 Nh5 11. Nxd5 Nxf4 12. Nxf4 Bd6 13. Nd3 Nf6 14. Nde5 Qb6 15. Nc4 Qd8 16. Nxd6 Qxd6 17. e3 Bf5 18. Qb3 Rab8 19. a3 Be6 20. Qc2 Bd5 21. Qc5 Qxc5 22. dxc5 Ne4 23. Rfd1 Rbd8 24. Rd4 f5 25. Nd2 Nxd2 26. Rxd2 Bxg2 27. Kxg2 Rxd2 28. b4 Kf7 29. Kf1 Ke6 30. Ke1 Ra2 31. Rc3 Kd5 32. Kf1 g5 33. h3 Ke4 34. Kg2 Rd2 35. a4 Kd5 36. b5 Rb2 37. bxc6 Kxc6 38. a5 Rb5 39. a6 bxa6 40. Ra3 a5 41. f4 gxf4 42. exf4 Rxc5 43. g4 Kd6 1/2-1/2

[Event "SRB-chT2 East"]
[Site "Zajecar"]
[Date "2013.10.11"]
[Round "2"]
[White "Milutinovic, Bojan"]
[Black "Milosevic, Jovana"]
[Result "0-1"]
[WhiteElo "1766"]
[BlackElo "1931"]
[PlyCount "87"]
[EventDate "2013.10.10"]
[EventType "team-swiss"]
[EventRounds "8"]
[EventCountry "SRB"]
[SourceTitle "EXT 2014"]
[Source "ChessBase"]
[SourceDate "2013.11.20"]
[SourceVersion "1"]
[SourceVersionDate "2013.11.20"]
[SourceQuality "1"]

1. e4 c5 2. Nf3 d6 3. d4 cxd4 4. Nxd4 Nf6 5. Nc3 a6 6. Bg5 e6 7. f4 Be7 8. Qf3 Qc7 9. 0-0-0 b5 10. Bxf6 Bxf6 11. e5 Bb7 12. exd6 Qb6 13. Qe3 0-0 14. Nf5 Nd7 15. Qxb6 Nxb6 16. Ne3 Rfd8 17. Rg1 Rac8 18. Ne2 Nd5 19. Nxd5 Bxd5 20. Kb1 Rxd6 21. Rd3 Rdc6 22. Rd2 Be4 23. Nc3 Bxc3 24. bxc3 Rxc3 25. Bd3 Bd5 26. Kb2 b4 27. g4 Ra3 28. Ra1 g6 29. f5 Kg7 30. h4 Rc5 31. fxg6 fxg6 32. g5 Rca5 33. Re2 Rxa2+ 34. Rxa2 Rxa2+ 35. Kb1 a5 36. Re5 Ra3 37. Re2 a4 38. Rh2 Rc3 39. h5 Bc4 40. Bxc4 Rxc4 41. hxg6 hxg6 42. Re2 Rg4 43. Re5 Kf7 44. Kb2 0-1

[Event "Jagodina op 6th"]
[Site "Jagodina"]
[Date "2013.03.13"]
[Round "6"]
[White "Milutinovic, Bojan"]
[Black "Milutinovic, Dalibor"]
[Result "0-1"]
[WhiteElo "1788"]
[BlackElo "1604"]
[PlyCount "76"]
[EventDate "2013.03.09"]
[EventType "swiss"]
[EventRounds "9"]
[EventCountry "SRB"]
[SourceTitle "CBM 153 Extra"]
[Source "ChessBase"]
[SourceDate "2013.04.22"]
[SourceVersion "1"]
[SourceVersionDate "2013.04.22"]
[SourceQuality "1"]

1. e4 c5 2. Nf3 d6 3. d4 cxd4 4. Nxd4 Nf6 5. Nc3 a6 6. Bg5 e6 7. f4 Be7 8. Qf3 Qc7 9. 0-0-0 b5 10. Bxb5+ axb5 11. Ndxb5 Qb6 12. Bxf6 gxf6 13. e5 Bb7 14. Rxd6 Qxb5 15. Nxb5 Bxf3 16. Nc7+ Kf8 17. Nxa8 Bxa8 18. Rb6 Nd7 19. Ra6 Kg7 20. Rd1 Nc5 21. Ra7 Re8 22. b4 Ne4 23. Rdd7 Kf8 24. a3 Bc6 25. Rdc7 Bb5 26. c4 fxe5 27. cxb5 Nd6 28. a4 exf4 29. b6 Bd8 30. b5 Bxc7 31. bxc7 e5 32. Kd1 e4 33. Ke1 f3 34. b6 fxg2 35. Kf2 e3+ 36. Kxg2 e2 37. b7 Nxb7 38. Rxb7 e1Q 0-1

[Event "Jagodina op 5th"]
[Site "Jagodina"]
[Date "2012.03.16"]
[Round "8"]
[White "Milutinovic, Bojan"]
[Black "Nikolic, Milan"]
[Result "0-1"]
[WhiteElo "1811"]
[BlackElo "1862"]
[PlyCount "68"]
[EventDate "2012.03.10"]
[EventType "swiss"]
[EventRounds "9"]
[EventCountry "SRB"]
[SourceTitle "CBM 147 Extra"]
[Source "ChessBase"]
[SourceDate "2012.04.24"]
[SourceVersion "1"]
[SourceVersionDate "2012.04.24"]
[SourceQuality "1"]

1. e4 d5 2. exd5 Qxd5 3. Nc3 Qa5 4. d4 c6 5. Nf3 Nf6 6. Bd2 Bf5 7. Ne4 Qc7 8. Nxf6+ exf6 9. Bc4 Bd6 10. 0-0 0-0 11. h3 Nd7 12. Bb3 Rad8 13. Re1 c5 14. c3 Nb6 15. Be3 Rfe8 16. a4 c4 17. Bc2 Bxc2 18. Qxc2 Nd5 19. Qf5 g6 20. Qc2 Bf4 21. Qd2 Bxe3 22. fxe3 Re4 23. Re2 Rde8 24. Rae1 Qg3 25. b3 cxb3 26. c4 Nb6 27. Qb4 b2 28. Qb3 Nxc4 29. Qxc4 Rxe3 30. Rxe3 Rxe3 31. Rb1 Rxf3 32. Qc8+ Kg7 33. Qxb7 Rb3 34. Qe4 Re3 0-1